banner-ar

مارتن هيدجر مالفلسفة ? ماالميتافيزيقا? هيلادرليد وماهية الشعر / (Record no. 31435)

MARC details
000 -الفاتح
حقل البيانات ثابتة الطول 00815nam a2200229Ia 4500
008 - عناصر البيانات ثابتة الطول - معلومات عامة
حقل البيانات ثابتة الطول 140319s9999 xx 000 0 ara d
040 ## - مصدر الفهرسة
وكالة الفهرسة الأصلية GCL /
وكالة النسخ GCL
082 04 - رقم تصنيف ديوى العشرى
رقم التصنيف 191
رقم المادة ه م
100 1# - المدخل الرئيسى - إسم شخصى
الإسم الشخصى عبدالرحمن بدوى
245 10 - بيان العنوان
العنوان مارتن هيدجر مالفلسفة ? ماالميتافيزيقا? هيلادرليد وماهية الشعر /
بيان المسئوليه,etc عبدالرحمن بدوى
700 1# - المدخل الاضافى - اسم شخصى
الإسم الشخصى فؤاد كامل (مترجم)
700 1# - المدخل الاضافى - اسم شخصى
الإسم الشخصى هيدخر, ماتن
700 1# - المدخل الاضافى - اسم شخصى
الإسم الشخصى محمود رجب (مترجم)
260 ## - PUBLICATION, DISTRIBUTION, ETC. (IMPRINT)
تاريخ النشر أو التوزيع 1974
300 ## - الوصف المادى
التعداد 158
490 ## - بيان السلسلة
عنوان السلسلة سلسلة النصوص الفلسفية
رقم المجلد/ التعيين التسلسلي 0
650 04 - المدخل الاضافى بالموضوع-مصطلح موضوعى
مصطلح موضوعي الفلسفة
650 04 - المدخل الاضافى بالموضوع-مصطلح موضوعى
مصطلح موضوعي الفلسفة الالمانية
650 04 - المدخل الاضافى بالموضوع-مصطلح موضوعى
مصطلح موضوعي هيدجر
942 ## - عناصر المدخل الإضافي( كوها)
مصدر التصنيف او مخطط الترفيف Dewey Decimal Classification
Koha [default] item type كتاب
260 ## - PUBLICATION, DISTRIBUTION, ETC. (IMPRINT)
-- [S.N] :
-- دار الثقافة للنشر والتوزيع ،
Holdings
حالة التراجع حالة الفقد حالة تلف ليس للاعارة المكان المؤقت الموقع الحالى تاريخ الاكتساب اجمالي اﻻعارات رقم الطلب الباركود تاريخ اخر مشاهدة تاريخ تفعيل السعر نوع وعاء كوها
        مكتبة القاهرة الكبرى مكتبة القاهرة الكبرى 03/26/2014   191\ه م 73525 03/26/2014 03/26/2014 كتاب
        مكتبة القاهرة الكبرى مكتبة القاهرة الكبرى 03/26/2014   191\ه م 73526 03/26/2014 03/26/2014 كتاب

Powered By

EGPV